Národné poistenie odborný časopis Sociálnej poisťovne

Gespeichert in:
Bibliographische Detailangaben
Format: Schriftenreihe
Sprache:Slowakisch
Veröffentlicht: Bratislava PERFEKT
Schlagworte:
Tags: Tag hinzufügen
Keine Tags, Fügen Sie das erste Tag hinzu!

MARC

LEADER 00000nas1a22000001 4500
001 s120069
005 20250707085608.0
022 |a 1335-4795 
022 |a 1337-8430 
041 0 |a slo 
044 |a SK 
245 1 0 |a Národné poistenie  |b odborný časopis Sociálnej poisťovne 
264 1 |a Bratislava  |b PERFEKT 
610 2 0 |a poistenie 
610 2 0 |a poistenie sociálne